000 00643nam a2200193Ia 4500
003 GCL
008 140319s9999 xx 000 0 ara d
040 _aGCL /
_cGCL
082 0 4 _a792.09
_bح ا
100 1 _aحاتم حافظ
245 1 0 _aانساق اللغة المسرحية فى مسرح تشيكوف /
_cحاتم حافظ
260 _aالقاهرة :
_bالمجلس الاعلى للثقافة ،
_c2003
300 _a187 ص ؛
_c16 سم
490 _aالكتاب الاول
_v65
650 0 4 _aانطون تشيخوف
650 0 4 _aالمسرح - نقد
650 0 4 _aالمسرحية - تاريخ ونقد
942 _2ddc
_cBK
999 _c34747
_d34747